Demokrácia és értékrend
Elmentve itt :
| Szerző: | |
|---|---|
| Testületi szerző: | |
| Dokumentumtípus: | Könyv része |
| Megjelent: |
1985
|
| Sorozat: | Szegedi Nyári Egyetem : művelődéselmélet
14 Közművelődés - értékrend : gyűjtemény a TIT Szegedi XIV. Művelődéselméleti Nyári Egyetemén elhangzott előadásokból 14 |
| Kulcsszavak: | Értékrendszer - szocialista, Szociáletika, Politikai erkölcs |
| Tárgyszavak: | |
| Online Access: | http://acta.bibl.u-szeged.hu/44993 |
| LEADER | 01084naa a2200265 i 4500 | ||
|---|---|---|---|
| 001 | acta44993 | ||
| 005 | 20220128093636.0 | ||
| 008 | 170505s1985 hu o 0|| hun d | ||
| 020 | |a 963 412 199 3 | ||
| 022 | |a 0139-4118 | ||
| 040 | |a SZTE Egyetemi Kiadványok Repozitórium |b hun | ||
| 041 | |a hun | ||
| 100 | 1 | |a Rényi Péter | |
| 245 | 1 | 0 | |a Demokrácia és értékrend |h [elektronikus dokumentum] / |c Rényi Péter |
| 260 | |c 1985 | ||
| 300 | |a 49-62 | ||
| 490 | 0 | |a Szegedi Nyári Egyetem : művelődéselmélet |v 14 | |
| 490 | 0 | |a Közművelődés - értékrend : gyűjtemény a TIT Szegedi XIV. Művelődéselméleti Nyári Egyetemén elhangzott előadásokból |v 14 | |
| 650 | 4 | |a Társadalomtudományok | |
| 650 | 4 | |a Szociológia | |
| 650 | 4 | |a Bölcsészettudományok | |
| 650 | 4 | |a Egyéb bölcsészettudományok | |
| 695 | |a Értékrendszer - szocialista, Szociáletika, Politikai erkölcs | ||
| 710 | |a TIT Szegedi Művelődéselméleti Nyári Egyetem (14.) (1985) (Szeged) | ||
| 856 | 4 | 0 | |u http://acta.bibl.u-szeged.hu/44993/1/sznye_muveledoselmelet_014_049-062.pdf |z Dokumentum-elérés |